| 000 | 00635nam a2200217 a 4500 | ||
|---|---|---|---|
| 005 | 20210223122702.0 | ||
| 008 | 991125s1977 bar 000 0 spa u | ||
| 020 | _a8425206448 | ||
| 035 | _aUPN01000039809 | ||
| 049 | _aCG | ||
| 050 | 4 |
_aGT521 _bR5.4 |
|
| 100 | 1 |
_aRiviére, Margarita, _d1944- |
|
| 245 | 1 | 3 |
_aLa moda : _b¿comunicación o incomunicación? / _cMargarita Riviére ; pról de José Luis L. Aranguren. |
| 260 |
_aBarcelona : _bG. Gili, _c1977. |
||
| 300 |
_a185 p. : _bil. |
||
| 440 | 0 | _aPunto y línea | |
| 650 | 4 | _aINDUMENTARIA | |
| 650 | 4 |
_aMODA _927527 |
|
| 650 | 4 |
_aINDUMENTARIA -MODA _zESPAÑA |
|
| 905 | _aLibro | ||
| 999 |
_c39809 _d39809 |
||